L'alimentació de l'aviram en temps de guerra
Descripción Física:
31 p. ; 20 cm
Otros Autores:
Catalunya. Direcció General d'Agricultura
Materias:
Aviram -- Alimentació
MARC
| LEADER | 00000nam a2200000Ia 4500 | ||
|---|---|---|---|
| 001 | 2348 | ||
| 008 | 160829s1937 xx 000 0 cat d | ||
| 080 | |a RF-5-9 | ||
| 245 | |a L'alimentació de l'aviram en temps de guerra | ||
| 260 | |a Barcelona : |b [Generalitat de Catalunya]. Direcció General d'Agricultura, |c 1937 | ||
| 300 | |a 31 p. ; |c 20 cm | ||
| 650 | |a Aviram |x Alimentació |9 26873 | ||
| 700 | |a Catalunya. Direcció General d'Agricultura |9 26874 | ||
| 856 | 4 | |u https://media.diba.cat/diba/fitxers/arxiu/fulletons/bib_2348_1937_baixa.pdf |y Accés lliure | |
| 856 | 4 | |u https://media.diba.cat/diba/fitxers/arxiu/fulletons/bib_2348_1937_baixa.pdf |y Accés lliure | |
| 901 | |a Arxiu | ||
| 942 | |n 1 |2 udc | ||
| 952 | |0 0 |1 0 |4 0 |6 RF59 |7 1 |9 44184 |a Arxiu |b Arxiu |d 2016-12-01 |l 0 |o RF-5-9 |p 2348 |r 2016-12-01 00:00:00 |w 2016-12-01 |y ARXIU | ||
| 999 | |c 46764 |d 46764 | ||
| 900 | |a bib_2348_1937_baixa.pdf | ||